LEADER 01133nam0-22003731i-450- 001 990001316710403321 010 $a0-8218-4562-4 035 $a000131671 035 $aFED01000131671 035 $a(Aleph)000131671FED01 035 $a000131671 100 $a20000920d1991----km-y0itay50------ba 101 0 $aeng 200 1 $aConformal mappings and boundary value problems$fGuo Chun Wen. 210 $aProvidence$cAmerican Mathematical Society$d1991. 215 $aviii, 303 p.$d24 cm 225 1 $aTranslations of mathematical monographs$v106 300 $aTranslation from the Chinese by Kuniko Weltin 610 0 $aTeoria delle funzioni complesse 610 0 $aTrasformazioni conformi 610 0 $aFunzioni intere e meromorfe 610 0 $aProblemi al contorno 676 $a515.9 700 1$aWen,$bGuochun$f<1930- >$059627 801 0$aIT$bUNINA$gRICA$2UNIMARC 901 $aBK 912 $a990001316710403321 952 $aC-29-(106$b10067$fMA1 959 $aMA1 962 $a30C35 962 $a30E25 996 $aConformal mappings and boundary value problems$9382576 997 $aUNINA DB $aING01 LEADER 01044cam0-22003371i-450- 001 990004596490403321 005 20100629150849.0 010 $a3-11-001898-5 035 $a000459649 035 $aFED01000459649 035 $a(Aleph)000459649FED01 035 $a000459649 100 $a19990604d1971----km-y0itay50------ba 101 0 $agrc$aeng 102 $aDE 105 $ay-------001yy 200 1 $a<>anthology of byzantine prose$fNigel G. Wilson 210 $aBerlin ; New York$cWalter De Gruyter$d1971 215 $a154 p.$d20 cm 225 1 $aKleine Texte für Vorlesungen und Übungen$v189 610 0 $aProsatori bizantini$aAntologie 676 $a880.02 700 1$aWilson,$bNigel Guy$0153481 801 0$aIT$bUNINA$gRICA$2UNIMARC 901 $aBK 912 $a990004596490403321 952 $aP2B-630-A.B.P.-300A-1971$bBibl. 46396$fFLFBC$mB10-19161 952 $aP2B-630-A.B.P.-300A-1971 bis$bIst.Fil.cl. 1522$fFLFBC$mB10-19162 959 $aFLFBC 996 $aAnthology of byzantine prose$9550428 997 $aUNINA